| 000 | 00893nam a2200313 a 4500 | ||
|---|---|---|---|
| 003 | AR-BaBNM | ||
| 005 | 20251128202915.0 | ||
| 008 | 082120s2002 ||||||||||||||000 | spa|| | ||
| 040 | _cAR-BaBNM | ||
| 100 | 1 | _aNorton Leonard, Jonathan | |
| 245 | 0 | 0 |
_aLos cruzados de la química _bseis constructores del mundo moderno |
| 260 |
_aBuenos Aires _bLosada _c1943 |
||
| 300 |
_a287 p. _bláms. |
||
| 490 | 0 | _aCiencia y vida | |
| 600 | 1 | 4 | _aPriestley, Joseph |
| 600 | 1 | 4 | _aCavendish, Henry |
| 600 | 1 | 4 | _aLavoisier, Antoine Laurent |
| 650 | 4 | _aBIOGRAFIAS | |
| 650 | 4 | _aHISTORIA DE LAS CIENCIAS | |
| 650 | 4 | _aHISTORIA DE LA QUIMICA | |
| 650 | 4 | _aHISTORIA MEDIEVAL | |
| 650 | 4 | _aHISTORIA MODERNA | |
| 650 | 4 | _aALQUIMIA | |
| 655 | _aBIOGRAFIAS | ||
| 700 | 1 |
_aJiménez de Asúa, Felipe _etraductor |
|
| 800 | 1 |
_aJiménez de Asúa, Felipe _edirector |
|
| 942 | _cBK | ||
| 998 | _cEnrique | ||
| 999 |
_c1146 _d1146 |
||